Citoyen d'honneur des États-Unis - Statistiques

Statistiques générales
  • Ce quiz a été pris 32 fois
  • Le résultat moyen est 4 sur 8
Statistiques - réponses
Indice Citoyen % Correct
Premier ministre du Royaume-Uni de 1940 à 1945 et 1951 à 1955 ainsi que prix Nobel de Littérature Winston Churchill
100%
Héros français de la guerre d'indépendance des États-Unis Marquis de La Fayette
91%
Religieuse albanaise bienfaitrice des bidonvilles de Kolkata (Calcutta) et prix Nobel de la paix en 1979 Mère Teresa
75%
Femme du personnage précédent, administratrice de la Pennsylvanie pendant 14 ans Hannah Callowhill Penn
53%
Homme politique ayant fondé la ville de Philadelphie et de la Pennsylvanie, dont il est éponyme William Penn
53%
Diplomate suédois ayant sauvé environ 20 000 juifs hongrois durant la Seconde Guerre mondiale Raoul Wallenberg
6%
Général des armées espagnoles en Amérique du Nord lors de la guerre d'indépendance des États-Unis Bernardo de Gálvez
3%
Héros polonais de la guerre d'indépendance des États-Unis, surnommé "le père de la cavalerie américaine" Kazimierz Pułaski
3%
Aucun quiz correspondant
Distribution des résultats
% des personnes avec chaque résultat
Percentile par nombre de réponses
Votre historique - résultats
Vous n’avez pas pris ce quiz